| 000 | 01008nam a22003257a 4500 | ||
|---|---|---|---|
| 003 | BCEG | ||
| 005 | 20260303124306.0 | ||
| 008 | 260303s2009 mx a||||||||||||||||spa d | ||
| 020 | _a9789708300667 | ||
| 020 | _a9708300667 | ||
| 040 |
_aBCEG _bspa _cBCEG |
||
| 082 | 0 | 4 |
_a570 _bS796b |
| 100 | 1 | _aStarr, Cecie. | |
| 245 | 1 | 0 |
_aBiología _b: la unidad y diversidad de la vida. |
| 250 | _a12a ed. | ||
| 260 |
_aMéxico : _bCengage, _c2009. |
||
| 300 |
_a1003 p. : _bil. |
||
| 504 | _aIncluye índice, glosario, apéndice y bibliografía. | ||
| 534 |
_pTítulo original: _tBiology : the unity and diversity of life. |
||
| 541 | _aDonación. | ||
| 650 | 1 | 4 | _aBiología. |
| 700 | 1 |
_aTaggart, Ralph, _d1941-., _ecoaut. |
|
| 700 | 1 |
_aEvers, Christine A., _ecoaut. |
|
| 700 | 1 |
_aStarr, Lisa, _ecoaut. |
|
| 700 | 1 |
_aAguilar Ortega, Ma. Teresa, _etr. |
|
| 700 | 1 |
_aAlatorre Miguel, Efrén, _etr. |
|
| 700 | 1 |
_aCamas Reyes, José Alberto, _etr. |
|
| 700 | 1 |
_aCebada Vega, Eric Eduardo, _etr. |
|
| 942 | _cBK | ||
| 999 |
_c437087 _d437087 |
||